000 00627nam a2200241Ia 4500
001 37229
005 20240114001926.0
007 ta
008 070604s1972 g b000 u 807 u
040 _aCotton College Assam
041 _a807
082 _a891.431
_bM 277 D
100 _aMahanta, Bapchandra .
245 0 _aDesh ki Pukar /
_cBapchandra Mahanta.
_hTextual Documents
250 _a1st ed. /
260 _aJorhat (Assam) :
_bBapchandra Mahanta ,
_c1972.
300 _a169p. ;
_c22cm.
653 _aHindi poetry
653 _aGen-Hindi
942 _2ddc
_cBK
999 _c37211
_d37211